Sith Lords - Statistics

General Stats
  • This quiz has been taken 218 times
  • The average score is 10 of 16
Answer Stats
Picture Answer % Correct
Darth Vader
99%
Darth Maul
97%
Darth Revan
88%
Darth Sidious
84%
Darth Tyranus
84%
Darth Bane
76%
Darth Nihilus
71%
Darth Plagueis
71%
Darth Malgus
66%
Darth Malak
55%
Darth Sion
50%
Darth Tenebrous
48%
Darth Krayt
41%
Darth Vitiate
37%
Darth Momin
24%
Darth Desolous
12%
No matching quizzes found
Score Distribution
Percent of People with Each Score
Percentile by Number Answered
Your Score History
You have not taken this quiz